000 00402pam a2200157a 44500
008 230515b2011 xxu||||| |||| 00| 0 eng d
020 _aNULL
041 _aENGLISH
082 _a615.5322
100 _aCCRH
245 _aHIV/AIDS & HOMEOPATHIC MANAGEMENT
250 _a0
260 _aNEW DEHLI
_bCENTRAL COUNCIL FOR RESEARCH IN AYURVEDA GOV. OF INDIA
_c2011
300 _a281
650 _aPHARMACY
999 _c554395
_d554395